| 000 | 00524nam a2200145Ia 4500 | ||
|---|---|---|---|
| 008 | 170221s9999 xx 000 0 und d | ||
| 100 | _aChaney, Paul. | ||
| 245 | 2 | _aA primer on marketing automation for instructors of college-level marketing courses | |
| 245 | _cPaul Chaney, Web Marketing Today; James Pettijohn, Missouri State University. | ||
| 260 | _bJournal of Management and Marketing Research | ||
| 260 | _c2012 | ||
| 300 | _a32 : 2 | ||
| 650 | _xBusiness | ||
| 856 | _uhttp://www.aabri.com/manuscripts/162379.pdf | ||
| 999 |
_c311181 _d311181 |
||